| 000 -LEADER |
| fixed length control field |
01289cam a22003492a 4500 |
| 001 - CONTROL NUMBER |
| control field |
.b14202621 |
| 003 - CONTROL NUMBER IDENTIFIER |
| control field |
OSt |
| 005 - DATE AND TIME OF LATEST TRANSACTION |
| control field |
20210528092446.0 |
| 008 - FIXED-LENGTH DATA ELEMENTS--GENERAL INFORMATION |
| fixed length control field |
151025t20152005nyua c 000 f eng |
| 020 ## - INTERNATIONAL STANDARD BOOK NUMBER |
| International Standard Book Number |
9780062367037 |
| Qualifying information |
(pbk.) : |
| 020 ## - INTERNATIONAL STANDARD BOOK NUMBER |
| International Standard Book Number |
9780062367150 |
| Qualifying information |
Box set |
| 040 ## - CATALOGING SOURCE |
| Original cataloging agency |
KUAS |
| Language of cataloging |
eng |
| Transcribing agency |
DIPPER |
| Description conventions |
rda |
| 041 0# - LANGUAGE CODE |
| Language code of text/sound track or separate title |
eng |
| 042 ## - AUTHENTICATION CODE |
| Authentication code |
nbic |
| 082 ## - DEWEY DECIMAL CLASSIFICATION NUMBER |
| Classification number |
FIC HUN |
| 100 1# - MAIN ENTRY--PERSONAL NAME |
| Personal name |
Hunter, Erin, |
| Relator term |
author. |
| 245 10 - TITLE STATEMENT |
| Title |
Moonrise / |
| Statement of responsibility, etc. |
Erin Hunter. |
| 250 ## - EDITION STATEMENT |
| Edition statement |
Revised paperback edition. |
| 260 ## - PUBLICATION, DISTRIBUTION, ETC. |
| Place of publication, distribution, etc. |
New York, N.Y. |
| Name of publisher, distributor, etc. |
Harper, |
| Date of publication, distribution, etc. |
2015. |
| 300 ## - PHYSICAL DESCRIPTION |
| Extent |
287, 14 pages : |
| Other physical details |
illustrations : map ; |
| Dimensions |
20 cm. |
| 490 1# - SERIES STATEMENT |
| Series statement |
Warriors, the new prophecy ; |
| Volume/sequential designation |
book 2. |
| 500 ## - GENERAL NOTE |
| General note |
First published : 2005. |
| 500 ## - GENERAL NOTE |
| General note |
Includes excerpt from book 3 : Dawn. |
| 520 ## - SUMMARY, ETC. |
| Summary, etc. |
Moons have passed since six cats set out on a journey to save their Clans. Meanwhile, back in the forest, Firestar and Leafpaw watch ThunderClan's world crumbling around them. Will the questing cats make it back in time, or will they be too late?" |
| 521 ## - TARGET AUDIENCE NOTE |
| Target audience note |
Ages 8-12. |
| 650 #0 - SUBJECT ADDED ENTRY--TOPICAL TERM |
| Topical term or geographic name entry element |
Cats |
| General subdivision |
Juvenile fiction. |
| 650 #0 - SUBJECT ADDED ENTRY--TOPICAL TERM |
| Topical term or geographic name entry element |
Feral cats |
| General subdivision |
Juvenile fiction. |
| 650 #0 - SUBJECT ADDED ENTRY--TOPICAL TERM |
| Topical term or geographic name entry element |
Prophecies |
| General subdivision |
Juvenile fiction. |
| 655 #7 - INDEX TERM--GENRE/FORM |
| Genre/form data or focus term |
Fantasy fiction. |
| 800 1# - SERIES ADDED ENTRY--PERSONAL NAME |
| Personal name |
Hunter, Erin. |
| Title of a work |
Warriors, the new prophecy ; |
| Volume/sequential designation |
bk. 2. |
| 942 ## - ADDED ENTRY ELEMENTS (KOHA) |
| Source of classification or shelving scheme |
|
| Koha item type |
Books - Fiction |